Sports Quiz

Random Sports Quiz
Score 0/81 Timer 10:00
0 Plays Today
Year Driver % Correct
1997Tom Kristensen
90.9%
2002Tom Kristensen
90.9%
2006Tom Kristensen
90.9%
1977Jacky Ickx
85.2%
1979Jacky Ickx
85.2%
1980Jacky Ickx
85.2%
1983Jacky Ickx
85.2%
1985Jacky Ickx
85.2%
2011Benoit Tréluyer
77.3%
1962Phil Hill
70.5%
1965Phil Hill
70.5%
2013Andre Lotterer
70.5%
2000Allan McNish
69.3%
2007Allan McNish
69.3%
1998Martin Brundle
61.4%
1955Mike Hawthorn
60.2%
1956Mike Hawthorn
60.2%
1957Mike Hawthorn
60.2%
1958Mike Hawthorn
60.2%
2012Romain Dumas
58%
1960Masten Gregory
52.3%
1951Stirling Moss
51.1%
1991Michael Schumacher
51.1%
1966Dan Gurney
50%
1967Denny Hulme
50%
1988Hans-Joachim Stuck
48.9%
2003Johnny Herbert
47.7%
Year Driver % Correct
1981Jochen Mass
46.6%
2008Stéphane Sarrazin
46.6%
1976Jean-Pierre Jabouille
45.5%
1978Jean-Pierre Jabouille
45.5%
1952Alberto Ascari
44.3%
1953Alberto Ascari
44.3%
1961Ricardo Rodriguez
42%
1963Pedro Rodriguez
42%
1973François Cevert
42%
1986Klaus Ludwig
35.2%
2001Laurent Aïello
34.1%
2010Olivier Panis
34.1%
1992Jan Lammers
33%
1993Eddie Irvine
33%
1999Ukyo Katayama
33%
2009Pedro Lamy
33%
1964John Surtees
31.8%
1971Jackie Oliver
30.7%
1954Froilan Gonzalez
29.5%
1972Gijs van Lennep
27.3%
1950Louis Rosier
26.1%
1984Alessandro Nannini
25%
1933Raymond Sommer
21.6%
1938Raymond Sommer
21.6%
1974Jean-Pierre Jarier
21.6%
1994Thierry Boutsen
21.6%
1928Henry Birkin
20.5%
Year Driver % Correct
1929Henry Birkin
20.5%
1930Henry Birkin
20.5%
1969Vic Elford
19.3%
1970Vic Elford
19.3%
1937Jean-Pierre Wimille
17%
1968Rolf Stommelen
17%
1987Johnny Dumfries
15.9%
1975Chris Craft
13.6%
1924André Lagache
12.5%
1925André Lagache
12.5%
1959Jean Behra
12.5%
1934Philippe Etancelin
11.4%
1996Eric van de Poele
11.4%
1982Jean Ragnotti
10.2%
1989Alain Ferté
9.1%
1949André Simon
6.8%
2004Jamie Davies
6.8%
1995Patrick Gonin
5.7%
1923John Duff
4.5%
2005Jean-Christophe Boullion
4.5%
1931Boris Ivanowski
3.4%
1935Francis Howe
3.4%
1927Frank Clement
1.1%
1990Bob Earl
1.1%
1926Marcel Mongin
0%
1932Ferdinando Minoia
0%
1939Robert Mazaud
0%
Remove Ads.
Support Sporcle.
Get the best of Sporcle when you Go Orange. This ad-free experience offers more features, more stats, and more fun while also helping to support Sporcle. Thank you for becoming a member.

You're not logged in!

Compare scores with friends on all Sporcle quizzes.
OR
Log In

Show Comments

Extras

Created Oct 9, 2013SourceReportNominate
Tags:fastest, Le Mans

Top Quizzes Today


Score Distribution

Your Account Isn't Verified!

In order to create a playlist on Sporcle, you need to verify the email address you used during registration. Go to your Sporcle Settings to finish the process.

Report this User

Report this user for behavior that violates our Community Guidelines.

Details: